|
|
|
|
| LEADER |
01252nam a2200313 a 4500 |
| 001 |
00026220 |
| 003 |
BD-DhAAL |
| 005 |
20151007020002.0 |
| 008 |
121105s2010 gw a b 000 0 eng d |
| 020 |
|
|
|a 9783939923466
|
| 020 |
|
|
|a 9783939923473
|
| 040 |
|
|
|a BD-DhAAL
|c BD-DhAAL
|
| 082 |
0 |
4 |
|a 363.34930943
|2 22
|
| 999 |
|
|
|c 12942
|d 12942
|
| 999 |
|
|
|c 12942
|
| 100 |
1 |
|
|a Damm,Marion.
|9 5492
|
| 245 |
1 |
0 |
|a Mapping social-ecological vulnerability to flooding
|b :a sub-national approach for Germany,
|n Vol. 3 /
|c Marion Damm.In cooperation with Universität Bonn.
|
| 260 |
|
|
|a Bonn :
|b UNU-EHS,
|c 2010.
|
| 300 |
|
|
|a ix, 205 p. :
|b ill. ;
|c 22 cm.
|
| 362 |
1 |
|
|a Vol. 3
|
| 490 |
1 |
|
|a Graduate research series, Vol. 3
|
| 500 |
|
|
|a PHD Dissertations, publication series of UNU-EHS
|
| 504 |
|
|
|a Includes bibliographical references (p.190-205).
|
| 541 |
1 |
|
|e 00026220
|
| 650 |
|
0 |
|a Disasters
|x Social aspects
|z Germany
|9 5490
|
| 710 |
2 |
|
|a Universität Bonn.
|9 5491
|
| 852 |
4 |
|
|a Ayesha Abed Library
|j General Shelf.
|
| 942 |
|
|
|2 ddc
|c BK
|0 1
|
| 952 |
|
|
|0 0
|1 0
|2 ddc
|4 0
|6 363_349309430000000_DAM
|7 0
|9 21383
|a BRACUL
|b BRACUL
|c GEN
|d 2012-11-05
|e Professor Ainun Nishat (VC), BRAC University
|g 0.00
|l 3
|o 363.34930943 DAM
|p 3010026220
|r 2016-01-31
|s 2015-10-06
|t 1
|w 2012-11-05
|y BK
|